| 000 | 00776nam a22002177a 4500 | ||
|---|---|---|---|
| 003 | DO-SdBNP | ||
| 005 | 20230419145324.0 | ||
| 007 | ta | ||
| 008 | 210420e2020 dr ac||er|||| 00| 0dspa d | ||
| 020 | _a9789945919202 | ||
| 040 |
_aDO-SdBNP _bspa _cBNPHU |
||
| 082 | 4 |
_bM828d _222 |
|
| 100 | 1 |
_aFernando Raúl Morales Billini. _978441 |
|
| 245 | 1 | 3 |
_aDonación, trasplante y religión / _cFernando Morales Billini , Elsy Fernandez Liz ; editora Aimara Vera Riverón |
| 260 |
_aSanto Domingo : _bInstituto Nacional de Coordinación de Trasplantes (INCORT) , _c2020. |
||
| 300 |
_a56 p. : _bil., retratos ; _c23 cm. |
||
| 590 | _aInventariado, 2023/BT | ||
| 700 | 1 |
_aFernandez Liz, Elsy Jacqueline _978442 |
|
| 700 | 1 |
_aVera Riverón, Aimara, _eeditora _977931 |
|
| 942 |
_2ddc _cLBS1 |
||
| 999 |
_c49762 _d49762 |
||